00318nam a22001097a 4500082002900000100002500029245003400054260004000088300003500128526003700163650000800200 a491.4395bSAIcL-29, P-4 aSaighal , Munshi P.C aSaighal's Hindustani grammar. aWellington Printing WorksbCalcutta axxvi, 218 p, : bill, :c10 Cm a0b0c0d491_439500000000000_SAI aMCE